000 01760cam a2200349 a 4500
001 4442221
005 20220326193313.0
008 940727s1993 mx b b s000 0 spa d
010 _a 94180483
020 _a9686492704
035 _a(OCoLC)29721386
040 _aFU
_cFU
_dDLC
042 _alccopycat
043 _ancgt---
082 _a304.28
_bP344I
100 1 _aPayeras, Mario.
_92214
245 1 0 _aLatitud de la flor y el granizo :
_by otros escritos sobre el medio ambiente mesoamericano /
_cMario Payeras.
250 _a2. ed.
260 _aTuxtla Gutiérrez, Chiapas, México :
_bGobierno del Estado de Chiapas, Consejo Estatal de Fomento a la Investigación y Difusión de la Cultura, DIF-Chiapas, Instituto Chiapaneco de Cultura,
_c1993.
300 _a131 p. :
_bmaps ;
_c21 cm.
440 0 _aSerie Centroamericana
_92215
504 _aIncludes bibliographical references.
505 0 _aLatitud de la flor y el granizo -- Las selvas de El Petén y el pulmón boscoso mesoamericano -- Las rutas ístmicas del Halcón Peregrino.
520 1 _a"An environmental history of Guatemala, written from a Marxist perspective by a former guerrilla fighter who before his death was one of Guatemala's most creative writers, is of both literary and scholarly interest"--Handbook of Latin American Studies, v. 57.
_uhttp://www.loc.gov/hlas/
650 0 _aNature
_xEffect of human beings on
_zGuatemala
_xHistory.
_92216
650 0 _aEnvironmental protection
_zGuatemala
_xHistory.
_92217
650 0 _aEnvironmental policy
_zGuatemala
_xHistory.
_92218
650 0 _aEnvironmental sciences
_zGuatemala
_xHistory.
_92219
700 _aPayeras, Mario.
_92220
906 _a7
_bcbc
_ccopycat
_d2
_encip
_f19
_gy-gencatlg
999 _c462
_d462